000 00480nam a2200169Ia 4500
008 210210b2001 xxu||||| |||| 00| 0 eng d
020 _a81 57958 091 2
082 _a300.3 MICE
100 _aMICHIE (Jonathan).
245 _aEncyclopaedia of social sciences a reader's guide. Vol 2.
260 _aLondon.
_bFitzroy Dearborn Publishers.,
_c2001
300 _a413-973
440 _a2
650 _aEncyclopaedia Social Sciences
690 _aEncyclopaedia
906 _a057582
999 _c105186
_d105186